000 00281nam a22001217a 4500
008 180518b xxu||||| |||| 00| 0 eng d
041 _aeng
080 _a043.3
100 _a0
101 _aSHKI-BTH
245 _aImplementimi i private Cloud Computing
_cMala,E
942 _2udc
_cBK
999 _c45962
_d45962